Les Femmes du Fleuve : Roman

Guardado en:
書目詳細資料
主要作者: Laberge, Aimée
格式: 圖書
語言:Undetermined
出版: Quebec, Canadá Québec Amérique 2002
主題:
標簽: 添加標簽
沒有標簽, 成為第一個標記此記錄!

MARC

LEADER 00000nam a2200000Ia 4500
008 170316s9999 xx 000 0 und d
040 |a cru BVZT 
090 |a 818 L-24f 
100 |a Laberge, Aimée 
245 |a Les Femmes du Fleuve : Roman 
260 |a Quebec, Canadá 
260 |b Québec Amérique 
260 |c 2002 
300 |a 411 páginas 
650 |a LITERATURA CANADIENSE 
650 |a EN IDIOMA FRANCÉS 
650 |a NOVELA 
999 |c 6523  |d 6523 
942 |c 15 D  |h 818 L-24f  |2 z